00969nam a2200229Ia 4500003000900000008004100009020001800050040001600068080002300084111013100107245028200238260003700520300001400557490002700571650004100598650001200639650001800651650001800669650000800687700002100695700002300716IN-BaIIA211028s9999 xx 000 0 eng d a0-7923-0880-8 cIIA Library a082.2:52bIAU-S142 aSymposium on Basic Plasma Processes on the Sun of the International Astronomical Unionn142ndcBangalore, Indiad1989 Dec. 1-5 0aBasic plasma processes on the sunbproceedings of the 142th symposium on basic plasma processes on the Sunof the International Astronomical Union Held in Bangalore, India, December 1-5, 1989cedited by E. R. Priest and V. Krishan  aDordrechtbKluwer Academicc1990 axi, 540p. aIAU Symposium; no. 142 aAstronomy and Astrophysics Thesaurus aPlasmas aSolar Plasmas aSpace Plasmas aSun aKrishan, V., ed. aPriest, E. R., ed.